Sexo, surrealismo Dalí y yo / (Registro nro. 30295)
[ vista simple ]
| 000 -CABECERA | |
|---|---|
| campo de control de longitud fija | 01349nam a22002417a 4500 |
| 003 - IDENTIFICADOR DE NÚMERO DE CONTROL | |
| control field | OSt |
| 008 - CÓDIGOS DE INFORMACIÓN DE LONGITUD FIJA | |
| fixed length control field | 231026t20012002sp o gr 001 0dspa d |
| 020 ## - NÚMERO INTERNACIONAL NORMALIZADO PARA LIBROS | |
| ISBN | 8466308687 |
| 037 ## - SOURCE OF ACQUISITION | |
| Materials specified | Donación |
| 040 ## - Fuente de catalogación | |
| Agencia original de catalogación | CO-JMCR |
| Agencia de transcripción | CO-JMCR |
| Agencia de modificación | CO-JMCR |
| Convenciones de descripción | rda |
| Lenguaje de catalogación | spa |
| 041 ## - CÓDIGO DE LENGUA | |
| Código idioma | spa |
| 082 ## - NÚMERO DE LA CLASIFICACIÓN DECIMAL DEWEY | |
| Edition number | 23 |
| Número de clasificación Decimal | 927.5 |
| Número de documento (Cutter) | T53s |
| 100 ## - PUNTO DE ACCESO PRINCIPAL-NOMBRE DE PERSONA | |
| Nombre personal | Thurlow, Clifford, |
| Término de función/relación | autor |
| 9 (RLIN) | 43604 |
| 245 ## - TÍTULO PROPIAMENTE DICHO | |
| Título | Sexo, surrealismo Dalí y yo / |
| Mención de responsabilidad, etc. | Clifford Thurlow ; traducción de Claudio Molinari |
| 264 ## - PRODUCCION, PUBLICACION, DISTRIBUCION, COPYRIGHT | |
| Lugar de producción, publicación, distribución, etc | Madrid : |
| Nombre del editor, productor, distribuidor, etc | Suma de letras , |
| Fecha de producción, publicación, distribución, copyright | ©2002 |
| 300 ## - DESCRIPCIÓN FÍSICA | |
| Extensión | 415 páginas ; |
| Dimensiones | 18 cm. |
| 520 ## - RESUMEN, ETC. | |
| Resumen,etc. | Carlos Lozano fue uno de los pocos amigos íntimos de Salvador Dalí, una de las contadas personas que tuvo ocasión de acceder a su círculo cerrado desde 1969. Sus memorias, escritas por el prestigioso autor británico Clifford Thurlow, nos acercan al mundo polémico, mágico e irrepetible del genio del surrealismo. Mucho más que una biografía, este libro se lee como las mejores novelas: acontecimientos imprevisibles, personajes irrepetibles, años llenos de libertad alrededor de uno de los grandes genios del siglo XX retratado desde la más absoluta |
| 650 ## - TÉRMINO DE MATERIA | |
| 9 (RLIN) | 43605 |
| 650 ## - TÉRMINO DE MATERIA | |
| 9 (RLIN) | 43606 |
| 650 ## - TÉRMINO DE MATERIA | |
| 9 (RLIN) | 43607 |
| 700 ## - AUTOR SECUNDARIO - PERSONA | |
| Nombre de persona | Molinari, Claudio, |
| 9 (RLIN) | 43608 |
| Withdrawn status | Lost status | Source of classification or shelving scheme | Damaged status | Not for loan | Home library | Current library | Shelving location | Date acquired | Source of acquisition | Total Checkouts | Total Renewals | Full call number | Barcode | Date last seen | Date last checked out | Copy number | Price effective from | Koha item type |
|---|---|---|---|---|---|---|---|---|---|---|---|---|---|---|---|---|---|---|
| Dewey Decimal Classification | Biblioteca Pública José María del Castillo y Rada | Biblioteca Pública José María del Castillo y Rada | General Stacks | 10/26/2023 | Donación | 3 | 2 | 927.5 T53s | 201811281 | 12/03/2024 | 11/05/2024 | Ej. 1 | 10/26/2023 | Books |